[Event "1800-2200 Blitz"]
[Site "SchemingMind.com"]
[Date "2007.12.27"]
[Round "-"]
[White "riverriver"]
[Black "jdcald13"]
[Result "1/2-1/2"]
[WhiteCountry "USA"]
[BlackCountry "USA"]
[WhiteElo "2007"]
[WhiteRD "72"]
[BlackElo "1948"]
[BlackRD "47"]
[GameID "135069"]

1. d4 Nf6 2. c4 e6 3. Nc3 Bb4 4. e3 b6 5. Ne2 Ne4 6. Bd2 Nxd2 7. Qxd2 Ba6 8. Nf4 d5 9. cxd5 Bxf1 10. Rxf1 Bxc3
11. Qxc3 exd5 12. Rc1 c6 13. Qa3 g5 14. Nd3 f6 15. Nb4 Qd7 16. Qc3 Ke7 17. Nxc6+ Nxc6 18. Qxc6 Rac8 19. Qxd7+ Kxd7 20. Ke2 Kd6
21. g3 f5 22. h4 g4 23. f3 gxf3+ 24. Kxf3 h5 25. Rxc8 Rxc8 26. Rf2 a5 27. Rh2 b5 28. Rf2 Ke6=
1/2-1/2

[Event "1800-2200 Blitz"]
[Site "SchemingMind.com"]
[Date "2007.12.28"]
[Round "-"]
[White "jdcald13"]
[Black "riverriver"]
[Result "0-1"]
[WhiteCountry "USA"]
[BlackCountry "USA"]
[WhiteElo "1948"]
[WhiteRD "47"]
[BlackElo "2007"]
[BlackRD "72"]
[GameID "135071"]

1. Nf3 g6 2. e4 c5 3. d4 Bg7 4. Bc4 cxd4 5. Nxd4 Qa5+ 6. c3 Nf6 7. Nd2 d6 8. O-O Nbd7 9. Qe2 a6 10. f4 e5
11. fxe5 dxe5 12. Bxf7+ Kxf7 13. Qc4+ Kf8 14. Ne6+ Ke7 15. Nxg7 Qb6+ 16. Kh1 Rg8 17. Nf3 Rxg7 18. Bh6 Rg8 19. Ng5 Re8 20. Rad1 Ng4
21. Rf7+ Kd8 22. Ne6+ Rxe6 23. Rf8+ Ke7 24. Qf1 Rf6
0-1

[Event "1800-2200 Blitz"]
[Site "SchemingMind.com"]
[Date "2007.12.26"]
[Round "-"]
[White "Vaidotas"]
[Black "riverriver"]
[Result "1-0"]
[WhiteCountry "LTU"]
[BlackCountry "USA"]
[WhiteElo "1966"]
[WhiteRD "62"]
[BlackElo "1990"]
[BlackRD "66"]
[GameID "135132"]

1. c4 g6 2. Nc3 Bg7 3. g3 c5 4. Bg2 Nc6 5. Rb1 Qa5 6. a3 d6 7. b4 cxb4 8. axb4 Nxb4 9. Nd5 Nc6 10. Nf3 e6
11. Nf4 Nge7 12. O-O e5 13. Bb2 O-O 14. Nd5 Nxd5 15. cxd5 Ne7 16. e4 f5 17. d3 fxe4 18. dxe4 Bg4 19. Qd3 Bh6 20. Ba3 Bxf3
21. Bxf3 Qc7 22. Bg4 a6 23. Be6+ Kh8 24. f4 Bg7 25. Rfc1 Qb8 26. f5 gxf5 27. exf5 b5 28. Rc2 Qb6+ 29. Kg2 Bh6 30. g4 Rf6
31. Bc1 Bxc1 32. Rbxc1 Qd8 33. g5 Rf8 34. h4 Ra7 35. Kh1 Qb6 36. f6 Ng6 37. h5 Nf4 38. Rc8 Nxe6 39. dxe6 Qb7+ 40. R8c6 Raa8
41. Qxd6 Rfd8 42. Qxe5 Rd1+ 43. Kh2 Rd2+ 44. Kh3 Rd3+ 45. Kh4 b4 46. f7#
1-0

[Event "1800-2200 Blitz"]
[Site "SchemingMind.com"]
[Date "2007.12.27"]
[Round "-"]
[White "Vaidotas"]
[Black "jdcald13"]
[Result "1/2-1/2"]
[WhiteCountry "LTU"]
[BlackCountry "USA"]
[WhiteElo "1929"]
[WhiteRD "65"]
[BlackElo "1948"]
[BlackRD "47"]
[GameID "135133"]

1. c4 Nf6 2. Nc3 e6 3. e4 Bb4 4. Qc2 c5 5. Nge2 Nc6 6. a3 Ba5 7. g3 O-O 8. Bg2 d6 9. O-O Rb8 10. d3 a6
11. Rb1 b5 12. b3 Bd7 13. Bd2 Nd4 14. Nxd4 cxd4 15. Ne2 Bxd2 16. Qxd2 e5 17. h3 bxc4 18. bxc4 Qc7 19. f4 Ba4 20. Rb4 Bc6
21. Rfb1 Nd7 22. f5 f6 23. g4 a5 24. R4b2 Rxb2 25. Rxb2 Rb8 26. Rxb8+ Nxb8 27. g5 Nd7 28. Ng3 fxg5 29. Qxg5 Nf6 30. Nh5 Qf7
31. Nxf6+ Qxf6 32. Qd2 Qd8 33. Qb2 Qc7 34. Qd2 h6 35. f6 Qd8 36. fxg7 Kxg7 37. Qe1 Bd7 38. Qb1 Qg5 39. Qb7 Qe3+ 40. Kh1 Qc1+
41. Kh2=
1/2-1/2

[Event "1800-2200 Blitz"]
[Site "SchemingMind.com"]
[Date "2007.12.26"]
[Round "-"]
[White "riverriver"]
[Black "Vaidotas"]
[Result "0-1"]
[WhiteCountry "USA"]
[BlackCountry "LTU"]
[WhiteElo "1990"]
[WhiteRD "66"]
[BlackElo "1966"]
[BlackRD "62"]
[GameID "135135"]

1. d4 d6 2. e4 g6 3. c4 Bg7 4. Nc3 Nc6 5. f3 Nxd4 6. Nge2 c5 7. Nxd4 Bxd4 8. Bd3 Rb8 9. Ne2 Bg7 10. Qa4+ Bd7
11. Qxa7 Nf6 12. e5 dxe5 13. Qxc5 Bc6 14. Qxe5 O-O 15. Qe3 e5 16. O-O Re8 17. Kh1 e4 18. fxe4 Nxe4 19. Qh3 Nc5 20. Nf4 Nxd3
21. Qxd3 Qxd3 22. Nxd3 Re2 23. Nf4 Rc2 24. Re1 Rxc4 25. Re2 Rd8 26. Be3 Re8 27. Rae1 Rxe3 28. Rxe3 Rxf4 29. R3e2 Bf6 30. h3 h5
31. Kh2 h4 32. b3 Kg7 33. Rd1 Rf5 34. a4 Be5+ 35. Kg1 Bg3 36. Rc1 Rd5 37. Rb1 Rd3 38. a5 Bb5 39. Re7 Bc6 40. Re2 f5
41. b4 Kh6 42. Reb2 Bb5 43. Re2 Rd4 44. Reb2 g5 45. Kh1 g4 46. Kg1 gxh3 47. gxh3 f4 48. Kg2 Rd3 49. Ra2 f3+ 50. Kg1 Re3
51. Rf2 Kg5 52. Rd1 Kf4 53. Rd4+ Re4 54. Rxe4+ Kxe4 55. Rc2 Be2 56. Rc1 Bf4 57. Rb1 Be3+ 58. Kh2 f2 59. Kg2 f1=Q+ 60. Rxf1 Bxf1+
61. Kxf1 Bd2 62. b5 Bxa5 63. Ke2 Kf4 64. Kf2 Bb6+ 65. Kg2 Ke4 66. Kf1 Kd4 67. Kf2 Kc4+ 68. Kf3 Kxb5 69. Kg4 Bd8 70. Kf4 Kc4
71. Ke3 b5 72. Kd2 b4
0-1

[Event "1800-2200 Blitz"]
[Site "SchemingMind.com"]
[Date "2007.12.28"]
[Round "-"]
[White "jdcald13"]
[Black "Vaidotas"]
[Result "1-0"]
[WhiteCountry "USA"]
[BlackCountry "LTU"]
[WhiteElo "1948"]
[WhiteRD "47"]
[BlackElo "1929"]
[BlackRD "65"]
[GameID "135136"]

1. Nf3 d5 2. g3 d4 3. c3 c5 4. cxd4 cxd4 5. Qa4+ Nc6 6. Bg2 Qd7 7. Na3 e5 8. d3 Bb4+ 9. Bd2 Bxd2+ 10. Nxd2 Nge7
11. Nac4 Rb8 12. Qa3 O-O 13. O-O Rd8 14. Ne4 b5 15. Ncd6 Qe6 16. Nxc8 Rbxc8 17. Rac1 h6 18. Nc5 Qd6 19. Qa6 b4 20. Nb7 Qe6
21. Nxd8 Nxd8 22. Qxe6 Nxe6 23. Rxc8+ Nxc8 24. Bh3 Nb6 25. Bxe6 fxe6 26. Rc1 Na4 27. Rc7 Nxb2 28. Rxa7 Nd1 29. Kf1 Nc3 30. e4 Kh7
31. Ke1 Kg6 32. Kd2 Kf6 33. Kc2 g6 34. Kb3 Nd1 35. Kxb4 Nxf2 36. Kc4 Ng4 37. a4 Nxh2 38. a5 Nf1 39. a6 Nxg3 40. Rh7 h5
41. a7
1-0

[Event "1800-2200 Blitz"]
[Site "SchemingMind.com"]
[Date "2007.12.27"]
[Round "-"]
[White "Brendan Joseph Birt"]
[Black "riverriver"]
[Result "1-0"]
[WhiteCountry "USA"]
[BlackCountry "USA"]
[WhiteElo "1892"]
[WhiteRD "73"]
[BlackElo "2007"]
[BlackRD "72"]
[GameID "135227"]

1. e4 e5 2. Nf3 Nc6 3. d4 exd4 4. Bc4 Nf6 5. e5 d5 6. Bb5 Ne4 7. Nxd4 Bd7 8. Bxc6 Bxc6 9. O-O Qd7 10. f3 Nc5
11. Nc3 Ne6 12. Nxc6 Bc5+ 13. Kh1 bxc6 14. Ne2 O-O 15. c3 f6 16. exf6 Rxf6 17. Nd4 Nxd4 18. cxd4 Bd6 19. Re1 Qf5 20. Qe2 Qh5
21. h3 Qh4 22. Be3 Re6 23. Qf1 Rae8 24. Bf2 Qf4 25. Bg1 Qd2 26. Rxe6 Rxe6 27. b3 Re2 28. a4 g6 29. Rd1 Qb2 30. Rd3 Qc2
31. Qd1 Re1 32. Qxc2 Bg3 33. Re3 Rxe3 34. Bxe3 Bd6 35. Qxc6 Kg7 36. Bg5
1-0

[Event "1800-2200 Blitz"]
[Site "SchemingMind.com"]
[Date "2007.12.27"]
[Round "-"]
[White "Brendan Joseph Birt"]
[Black "jdcald13"]
[Result "0-1"]
[WhiteCountry "USA"]
[BlackCountry "USA"]
[WhiteElo "1892"]
[WhiteRD "73"]
[BlackElo "1948"]
[BlackRD "47"]
[GameID "135228"]

1. e4 c5 2. c3 d5 3. exd5 Qxd5 4. d4 Nf6 5. Nf3 Bg4 6. Be2 e6 7. O-O Nc6 8. Na3 cxd4 9. Nb5 O-O-O 10. Nbxd4 Nxd4
11. Nxd4 Bxe2 12. Qxe2 e5 13. Nf3 e4 14. Nd4 Bd6 15. Be3 h5 16. h3 Qe5 17. g3 Nd5 18. h4 Nxe3 19. Qxe3 f6 20. b4 g5
21. hxg5 fxg5 22. Nb5 Qxb5 23. Qxa7 h4 24. Qe3 hxg3 25. fxg3 Rh3 26. a4 Qe5 27. Kf2 Rxg3 28. Qa7 Rg2+
0-1

[Event "1800-2200 Blitz"]
[Site "SchemingMind.com"]
[Date "2007.12.27"]
[Round "-"]
[White "Brendan Joseph Birt"]
[Black "Vaidotas"]
[Result "1/2-1/2"]
[WhiteCountry "USA"]
[BlackCountry "LTU"]
[WhiteElo "1861"]
[WhiteRD "73"]
[BlackElo "1966"]
[BlackRD "62"]
[GameID "135230"]

1. e4 c6 2. d4 d5 3. exd5 cxd5 4. Bd3 Nc6 5. c3 Qc7 6. Ne2 e5 7. dxe5 Qxe5 8. Bf4 Qf6 9. O-O Bd6 10. Bxd6 Qxd6
11. Nd2 Nge7 12. Nf3 O-O 13. Ned4 Nxd4 14. Nxd4 Be6 15. f4 Qb6 16. f5 Bd7 17. Rf2 f6 18. Qd2 Nc6 19. Nxc6 bxc6 20. Re1 Rfe8
21. Rxe8+ Rxe8 22. Kf1 Qe3 23. Qxe3 Rxe3 24. Bc2 c5 25. Re2 Rxe2 26. Kxe2 Kf8 27. g3 Ke7 28. Ke3 Kd6 29. Kf4 Bc6 30. h4 Be8
31. a3 Bc6 32. b4 d4 33. cxd4 cxd4 34. Bd3 Bg2 35. g4 Bc6 36. g5 Bg2 37. a4 a5 38. bxa5 Kc5 39. a6 Kb6 40. a5+ Ka7
41. Be4 Bf1 42. Bb7 Bd3 43. h5 h6 44. gxh6 gxh6 45. Bc8 Kb8 46. Bb7 Ka7 47. Bc8=
1/2-1/2

[Event "1800-2200 Blitz"]
[Site "SchemingMind.com"]
[Date "2007.12.28"]
[Round "-"]
[White "riverriver"]
[Black "Brendan Joseph Birt"]
[Result "1-0"]
[WhiteCountry "USA"]
[BlackCountry "USA"]
[WhiteElo "2007"]
[WhiteRD "72"]
[BlackElo "1892"]
[BlackRD "73"]
[GameID "135231"]

1. d4 Nf6 2. c4 e6 3. Nc3 Bb4 4. e3 b6 5. Ne2 Ba6 6. a3 Bxc3+ 7. Nxc3 d5 8. b3 O-O 9. Be2 dxc4 10. bxc4 Nc6
11. a4 Na5 12. Ba3 Re8 13. Nb5 Ne4 14. Qc2 Nd6 15. c5 Nxb5 16. axb5 Bc8 17. Bf3 Rb8 18. Bb4 e5 19. dxe5 Rxe5 20. O-O Bf5
21. Qc3 Qf6 22. Rfd1 Qe6 23. cxb6 axb6 24. Qxc7 Qe8 25. Bd5 Bg6 26. Bd6 Rxd5 27. Qxb8 Qxb8 28. Bxb8 Rxd1+ 29. Rxd1 Kf8 30. Bc7 Nc4
31. Rd4 Na3 32. Bd6+
1-0

[Event "1800-2200 Blitz"]
[Site "SchemingMind.com"]
[Date "2007.12.28"]
[Round "-"]
[White "jdcald13"]
[Black "Brendan Joseph Birt"]
[Result "1-0"]
[WhiteCountry "USA"]
[BlackCountry "USA"]
[WhiteElo "1953"]
[WhiteRD "49"]
[BlackElo "1861"]
[BlackRD "73"]
[GameID "135232"]

1. Nf3 c5 2. c4 g6 3. Nc3 Bg7 4. e3 Nf6 5. d4 cxd4 6. exd4 d5 7. Bd3 O-O 8. O-O dxc4 9. Bxc4 Bg4 10. h3 Bxf3
11. Qxf3 Nc6 12. Be3 e6 13. Rad1 Qa5 14. Bf4 Nd5 15. Nxd5 exd5 16. Bxd5 Nxd4 17. Rxd4 Bxd4 18. Bd6 Bxb2 19. Bxb7 Rad8 20. Bxf8 Rxf8
21. Bd5 Bg7 22. Rb1 Qc3 23. Bxf7+ Kh8 24. Qxc3 Bxc3 25. Rb7 Bd4 26. Kf1 Kg7 27. Bb3+ Kh8 28. f3 Bc5 29. Ke2 Re8+ 30. Kd3 Re7
31. Rb5 Bb6 32. a4 Bf2 33. a5 a6 34. Rb8+ Kg7 35. Ra8 Ra7 36. Rxa7+ Bxa7 37. Kc4 Bf2 38. Kb4 Be1+ 39. Ka4 g5 40. Bc4 h5
41. Bxa6 h4 42. Bc8 Kf6 43. a6 Bf2 44. Kb5 Ke7 45. Kc6 Kd8 46. Kb7 Be3 47. Bg4
1-0

[Event "1800-2200 Blitz"]
[Site "SchemingMind.com"]
[Date "2007.12.27"]
[Round "-"]
[White "Vaidotas"]
[Black "Brendan Joseph Birt"]
[Result "1/2-1/2"]
[WhiteCountry "LTU"]
[BlackCountry "USA"]
[WhiteElo "1966"]
[WhiteRD "62"]
[BlackElo "1861"]
[BlackRD "73"]
[GameID "135234"]

1. c4 c5 2. Nc3 g6 3. g3 Bg7 4. Bg2 Nc6 5. Rb1 d6 6. e3 e5 7. Nge2 Nge7 8. O-O O-O 9. a3 a5 10. Nb5 Rb8
11. d4 cxd4 12. exd4 exd4 13. Nexd4 Nxd4 14. Nxd4 Bd7 15. Bf4 Be5 16. Bxe5 dxe5 17. Nf3 Nc6 18. Re1 Qe7 19. Qd5 Rfe8 20. Rbd1 Rbd8
21. Qb5 Bc8 22. Rd5 f6 23. Red1 Kg7 24. Qb6 Bg4 25. Rxd8 Rxd8 26. Rxd8 Nxd8 27. Qxa5 Qd7 28. Qd5 Qxd5 29. cxd5 Nf7 30. Nd2 Nd6
31. Kf1 Kf7 32. Ke1 Bd7 33. b3 Ke7 34. Nc4 b5 35. Na5 Nf5 36. Kd2 Kd6 37. Nb7+ Kc7 38. Nc5 Bc8 39. b4 Nd6 40. Kc3 f5
41. Nd3 Nf7 42. Kb3 Kd6 43. a4 e4 44. Nc5 bxa4+ 45. Nxa4 Bb7 46. Nc3 Bxd5+ 47. Nxd5 Kxd5 48. Ka4 Kc6 49. Ka5 Nd6 50. Ka6 Nb5
51. Bf1 Nc7+ 52. Ka5 Nd5 53. Bc4 Nf6 54. Ka6 Kc7 55. b5 Kb8 56. h3 h6 57. Be6 Nh7 58. h4 Nf8 59. Bf7 g5 60. hxg5 hxg5
61. Be8 f4 62. gxf4 gxf4 63. Bc6 e3 64. fxe3=
1/2-1/2

[Event "1800-2200 Blitz"]
[Site "SchemingMind.com"]
[Date "2008.01.01"]
[Round "-"]
[White "esteves101"]
[Black "riverriver"]
[Result "1-0"]
[WhiteCountry "PHI"]
[BlackCountry "USA"]
[WhiteElo "2147"]
[WhiteRD "64"]
[BlackElo "1990"]
[BlackRD "66"]
[GameID "135236"]

1. e4 e5 2. Nf3 Nc6 3. Bb5 a6 4. Bxc6 dxc6 5. O-O f6 6. Nc3 Bd6 7. d4 exd4 8. Nxd4 g6 9. Be3 Qe7 10. Qd2 Bd7
11. Bf4 O-O-O 12. Bxd6 Qxd6 13. Rad1 Ne7 14. Qe3 b6 15. Rd3 Qb4 16. Rfd1 Qxb2 17. Qe2 Rde8 18. a4 h5 19. a5 Qb4 20. Qd2 bxa5
21. Rb1 Qc4 22. Nb3 Bg4 23. Rd4 Rd8 24. Rxc4 Rxd2 25. Nxd2 Rd8 26. Nb3 Be6 27. Ra4 Bf7 28. Rxa5 Bc4 29. Nc5 Rd2 30. Ra4 Bb5
31. Nxb5 cxb5 32. Rxa6 Rxc2 33. Ra8#
1-0

[Event "1800-2200 Blitz"]
[Site "SchemingMind.com"]
[Date "2008.01.01"]
[Round "-"]
[White "esteves101"]
[Black "Brendan Joseph Birt"]
[Result "1-0"]
[WhiteCountry "PHI"]
[BlackCountry "USA"]
[WhiteElo "2147"]
[WhiteRD "64"]
[BlackElo "1861"]
[BlackRD "73"]
[GameID "135237"]

1. e4 c5 2. Nf3 g6 3. Bc4 Bg7 4. O-O Nc6 5. Nc3 d6 6. Bd5 Bd7 7. Bxc6 Bxc6 8. d4 cxd4 9. Nxd4 Qd7 10. Qd3 Nf6
11. b4 a6 12. Bg5 O-O 13. Nxc6 bxc6 14. Rab1 a5 15. b5 c5 16. Bxf6 Bxf6 17. Nd5 Ra7 18. Nxf6+ exf6 19. Rfd1 Rd8 20. b6 Rb7
21. f3 Qc6 22. Qb5 Qxb5 23. Rxb5 Kf8 24. c4 Ke7 25. Kf2 Rdb8 26. Rdb1 Ke6 27. Rxa5 Rxb6 28. Rab5 Rxb5 29. cxb5 c4 30. Ke3 d5
31. Kd4 dxe4 32. fxe4 h5 33. b6 Kd6 34. a4 Kc6 35. a5 Kb7 36. Kxc4 Ka6 37. Kc5 Rc8+ 38. Kd6 Kxa5 39. b7 Rb8 40. Kc7
1-0

[Event "1800-2200 Blitz"]
[Site "SchemingMind.com"]
[Date "2008.01.01"]
[Round "-"]
[White "esteves101"]
[Black "jdcald13"]
[Result "1/2-1/2"]
[WhiteCountry "PHI"]
[BlackCountry "USA"]
[WhiteElo "2147"]
[WhiteRD "64"]
[BlackElo "1953"]
[BlackRD "49"]
[GameID "135238"]

1. e4 c6 2. Nf3 d5 3. exd5 cxd5 4. Nc3 Nc6 5. Bb5 Bg4 6. h3 Bxf3 7. Qxf3 Nf6 8. d4 e6 9. O-O a6 10. Bxc6+ bxc6
11. Re1 Be7 12. Qg3 O-O 13. Bh6 Ne8 14. Bf4 Qb6 15. Qd3 Bf6 16. Rad1 Qxb2 17. Rb1 Qa3 18. Nxd5 Qxd3 19. Nxf6+ Nxf6 20. cxd3 Rfd8
21. Be5 Rd5 22. Rec1 Nd7 23. Rxc6 Nxe5 24. Rxa6 Rad8 25. dxe5 Rxd3 26. Rb7 h5 27. Raa7 Rf8 28. f4 Rd4 29. f5 exf5 30. e6 Rd6
31. Rxf7 Rxf7 32. exf7+ Kf8 33. a4 h4 34. Kf2 Rd3 35. a5 Ra3 36. a6 g5= 37. Ke2 g4 38. Kd2 gxh3 39. gxh3 f4 40. Ke2 Kg7
41. Kf2 Kf8 42. Kg2 Kg7 43. Kf2 Kf8 44. Kg2 Kg7=
1/2-1/2

[Event "1800-2200 Blitz"]
[Site "SchemingMind.com"]
[Date "2008.01.01"]
[Round "-"]
[White "esteves101"]
[Black "Vaidotas"]
[Result "1-0"]
[WhiteCountry "PHI"]
[BlackCountry "LTU"]
[WhiteElo "2077"]
[WhiteRD "76"]
[BlackElo "1929"]
[BlackRD "65"]
[GameID "135240"]

1. e4 e5 2. Nf3 Nc6 3. Bb5 a6 4. Bxc6 dxc6 5. d3 Bd6 6. O-O Bg4 7. h3 Bd7 8. Na3 b5 9. c4 b4 10. Nc2 a5
11. d4 exd4 12. Qxd4 f6 13. c5 Be7 14. Bf4 Nh6 15. Bxh6 gxh6 16. Rfd1 Qc8 17. e5 Rg8 18. exf6 Bxh3 19. Re1 Bxg2 20. Qc4 Bxf3+
21. Qxg8+ Kd7 22. Rxe7#
1-0

[Event "1800-2200 Blitz"]
[Site "SchemingMind.com"]
[Date "2008.01.01"]
[Round "-"]
[White "riverriver"]
[Black "esteves101"]
[Result "1-0"]
[WhiteCountry "USA"]
[BlackCountry "PHI"]
[WhiteElo "1990"]
[WhiteRD "66"]
[BlackElo "2147"]
[BlackRD "64"]
[GameID "135241"]

1. d4 Nf6 2. c4 e6 3. Nc3 Bb4 4. e3 Ne4 5. Qc2 d5 6. Nf3 Nc6 7. Bd3 Nxc3 8. bxc3 dxc4 9. Bxc4 Bd6 10. e4 h5
11. O-O h4 12. Bg5 Be7 13. Bxe7 Nxe7 14. Rab1 h3 15. g3 a6 16. a4 Ng6 17. Bd3 Qf6 18. Be2 b6 19. a5 Qd8 20. axb6 cxb6
21. Qb3 Qf6 22. Qxb6 O-O 23. Qc5 Bd7 24. Qh5 Rfc8 25. c4 Bc6 26. d5 exd5 27. cxd5 Bd7 28. Rb7 Qe7 29. Ng5 Rab8 30. Rxd7 Qxd7
31. Bg4 Qe8 32. Bxc8 Qxc8 33. Nxh3 a5 34. Ng5 Qe8 35. Ra1 a4 36. Qh7+ Kf8 37. Qh3 Ra8 38. Nh7+ Kg8 39. f4 Qxe4 40. Rf1
1-0

[Event "1800-2200 Blitz"]
[Site "SchemingMind.com"]
[Date "2008.01.01"]
[Round "-"]
[White "Brendan Joseph Birt"]
[Black "esteves101"]
[Result "0-1"]
[WhiteCountry "USA"]
[BlackCountry "PHI"]
[WhiteElo "1892"]
[WhiteRD "73"]
[BlackElo "2077"]
[BlackRD "76"]
[GameID "135242"]

1. e4 e5 2. Nf3 Nf6 3. Nxe5 Qe7 4. d4 d6 5. Nf3 Nxe4 6. Be2 Bg4 7. O-O Nd7 8. Re1 d5 9. Bf4 O-O-O 10. c4 Qf6
11. Be5 Nxe5 12. Nxe5 Qxf2+ 13. Kh1 Bxe2 14. Qxe2 Qxd4 15. Nxf7 Nf2+ 16. Kg1 Nd3+ 17. Kh1 Nxe1 18. Qxe1 Qxb2 19. Nd2 Bb4 20. Rd1 Rhe8
21. Qf2 Rd7 22. Ne4 Qxf2
0-1

[Event "1800-2200 Blitz"]
[Site "SchemingMind.com"]
[Date "2008.01.01"]
[Round "-"]
[White "jdcald13"]
[Black "esteves101"]
[Result "1-0"]
[WhiteCountry "USA"]
[BlackCountry "PHI"]
[WhiteElo "1976"]
[WhiteRD "53"]
[BlackElo "2055"]
[BlackRD "62"]
[GameID "135243"]

1. Nf3 Nc6 2. d4 d5 3. c4 e6 4. Nc3 Nf6 5. e3 Be7 6. g4 Bb4 7. Bd2 dxc4 8. Bxc4 O-O 9. g5 Bxc3 10. Bxc3 Ne4
11. Qc2 Nxg5 12. Nxg5 Qxg5 13. O-O-O Qh4 14. Rhg1 g6 15. Qe2 Rd8 16. Rg4 Qxh2 17. Qf3 Qd6 18. Rh1 Qe7 19. d5 f5 20. Rxg6+ hxg6
21. Rh8+ Kf7 22. Rh7+ Ke8 23. Rxe7+ Nxe7 24. dxe6 Rd6 25. Qh1 Bxe6 26. Qh8+ Kd7 27. Bxe6+ Kxe6 28. Qxa8 b6 29. Qxa7 Nd5 30. a4 Rc6
31. Kd2 Nxc3 32. bxc3 Rd6+ 33. Kc2 Kd7 34. c4 Rc6 35. Kb3 Rc5 36. Qa8 Rc6 37. Qf8 Rd6 38. Kb4 Rc6 39. f3 Rd6 40. e4 fxe4
41. fxe4 Re6 42. Qf7+ Kd6 43. Qf4+ Kd7 44. c5 Kc6 45. cxb6 Kxb6 46. e5 Kc6 47. Qe4+ Kd7 48. a5 Ke7 49. Kb5 Kf8 50. a6 Rb6+
51. Ka5 Rb2 52. Qxg6 Rf2 53. Qf6+ Rxf6 54. exf6 Kf7 55. a7 Kxf6 56. a8=Q c6 57. Qxc6+ Kg5 58. Qf3 Kh4 59. Qg2 Kh5 60. Kb5 Kh4
61. Kc5 Kh5 62. Kd5
1-0

[Event "1800-2200 Blitz"]
[Site "SchemingMind.com"]
[Date "2008.01.01"]
[Round "-"]
[White "Vaidotas"]
[Black "esteves101"]
[Result "1-0"]
[WhiteCountry "LTU"]
[BlackCountry "PHI"]
[WhiteElo "1960"]
[WhiteRD "67"]
[BlackElo "2055"]
[BlackRD "62"]
[GameID "135245"]

1. e4 e5 2. Nf3 Nf6 3. Nxe5 Qe7 4. Nf3 Nxe4 5. Be2 d5 6. O-O Be6 7. Nc3 Nc6 8. Bb5 Qc5 9. Bxc6+ Qxc6 10. Nd4 Nxc3
11. dxc3 Qd7 12. Bg5 Bc5 13. Nxe6 fxe6 14. Qh5+ Qf7 15. Qxf7+ Kxf7 16. Rad1 Kg6 17. Bf4 Rac8 18. Rfe1 Rhf8 19. Bg3 Rce8 20. Re2 c6
21. Rde1 Kf7 22. Be5 g5 23. Bd4 Bb6 24. Bxb6 axb6 25. Re5 Kf6 26. f3 Re7 27. h3 Rh8 28. Kf2 Ra8 29. a3 Ra4 30. g3 b5
31. Kg2 Rc4 32. R1e3 Ra4 33. h4 gxh4 34. g4 d4 35. cxd4 Rxd4 36. Kh3 Rd2 37. Rc5 Rd4 38. Kxh4 e5 39. Kg3 Rd1 40. f4 exf4+
41. Kxf4 Rd4+ 42. Kf3 Rxe3+ 43. Kxe3 Rxg4 44. Rh5 Kg6 45. Rh2 h5 46. Kf3 Kg5 47. Re2 Rf4+ 48. Kg3 h4+ 49. Kh2 b4 50. axb4 Rxb4
51. b3 Rf4 52. Rg2+ Rg4 53. Rd2 Re4 54. Rf2= b6 55. Kg2 Rg4+ 56. Kh2 Rg3 57. Kh1 b5 58. Kh2 c5 59. Rd2 Rc3 60. Rf2 Kg4
61. Kg2 Re3 62. Rd2 Rg3+ 63. Kh2 Rh3+ 64. Kg2 Rc3 65. b4 c4 66. Rf2 Re3 67. Rd2 h3+ 68. Kh2 Re4 69. Rd5 Re2+ 70. Kh1 Rxc2
71. Rxb5 Rb2 72. Rc5 Rxb4 73. Kh2 Rb2+ 74. Kh1 Rc2 75. Rc8 Rc1+ 76. Kh2 Rc2+ 77. Kh1 c3 78. Kg1 Rg2+ 79. Kh1 c2 80. Rc4+ Kg5
81. Rc5+ Kf4 82. Rc4+ Ke3 83. Rc3+ Kd4 84. Rc4+
1-0

[Event "1800-2200 Blitz"]
[Site "SchemingMind.com"]
[Date "2007.12.27"]
[Round "-"]
[White "Pedro666"]
[Black "riverriver"]
[Result "0-1"]
[WhiteCountry "POL"]
[BlackCountry "USA"]
[WhiteElo "2005"]
[WhiteRD "76"]
[BlackElo "1990"]
[BlackRD "66"]
[GameID "135265"]

1. d4 d5 2. Nf3 c5 3. c3 Nf6 4. Bf4 Nc6 5. e3 e6 6. Nbd2 Bd7 7. Bd3 c4 8. Bc2 Be7 9. e4 dxe4 10. Nxe4 Nd5
11. Nd6+ Bxd6 12. Bxd6 Qb6 13. Ba3 Qa5 14. Qd2 h6 15. O-O O-O-O 16. Bd6 Qb6 17. Bg3 Qxb2 18. Rfc1 Nxc3 19. Qe1 Nxa2 20. Rxa2 Qxa2
21. Ra1 Qxc2 22. Rxa7 Nxa7 23. Qe5 Qd1+ 24. Ne1 Qxe1+ 25. Qxe1 Nb5 26. Qe5 Bc6 27. Qxg7 Rdf8 28. f3 c3 29. Bf4 Bxf3 30. Qe5 Bd5
31. Kf2 Kd7 32. Qe2 Kc6 33. Qd3 Ra8 34. g4 Ra2+ 35. Kg3 h5 36. g5 Rg2+ 37. Kh3 Rf2 38. Be3 Rf3+ 39. Kh4 Nd6 40. g6 Rxe3
41. g7 Rxd3 42. gxh8=Q c2
0-1

[Event "1800-2200 Blitz"]
[Site "SchemingMind.com"]
[Date "2007.12.27"]
[Round "-"]
[White "Pedro666"]
[Black "Brendan Joseph Birt"]
[Result "1-0"]
[WhiteCountry "POL"]
[BlackCountry "USA"]
[WhiteElo "2005"]
[WhiteRD "76"]
[BlackElo "1861"]
[BlackRD "73"]
[GameID "135266"]

1. d4 Nf6 2. Nf3 e6 3. g3 b5 4. Bg2 Bb7 5. O-O c5 6. c3 Na6 7. Na3 Nc7 8. Bf4 a6 9. c4 b4 10. Nc2 Be7
11. dxc5 Bxc5 12. Bd6 Bxd6 13. Qxd6 a5 14. Rad1 Ne4 15. Qd4 O-O 16. Qxd7 Nc5 17. Qxd8 Rfxd8 18. Ne5 Bxg2 19. Kxg2 Na4 20. Nd3 Na6
21. Rb1 Rac8 22. Ne3 N6c5 23. Nxc5 Nxc5 24. Rfd1 Na4 25. Rxd8+ Rxd8 26. Rd1 Rxd1 27. Nxd1 Kf8 28. Kf3 Ke7 29. e4 Kd6 30. Ke3 Kc5
31. b3 Nb6 32. Nb2 e5 33. Nd3+ Kc6 34. Nxe5+
1-0

[Event "1800-2200 Blitz"]
[Site "SchemingMind.com"]
[Date "2007.12.27"]
[Round "-"]
[White "Pedro666"]
[Black "jdcald13"]
[Result "0-1"]
[WhiteCountry "POL"]
[BlackCountry "USA"]
[WhiteElo "2069"]
[WhiteRD "88"]
[BlackElo "1948"]
[BlackRD "47"]
[GameID "135267"]

1. d4 Nf6 2. Nf3 e6 3. Bf4 c5 4. c3 d5 5. e3 Nc6 6. Nbd2 cxd4 7. exd4 Bd6 8. Be3 O-O 9. Bd3 a6 10. O-O b5
11. a3 Na5 12. a4 Bd7 13. axb5 axb5 14. b4 Nc4 15. Bg5 Be7 16. Ne5 Qc7 17. Nxd7 Qxd7 18. Qc2 h6 19. Bf4 Bd6 20. Bxd6 Nxd6
21. Nb3 Rfc8 22. Nc5 Qc6 23. f3 Nc4 24. g4 Ne3 25. Qe2 Nxf1 26. Bxb5 Rxa1 27. Bxc6 Ng3+ 28. Kf2 Nxe2 29. Bb7 Rc7
0-1

[Event "1800-2200 Blitz"]
[Site "SchemingMind.com"]
[Date "2007.12.27"]
[Round "-"]
[White "Pedro666"]
[Black "Vaidotas"]
[Result "1-0"]
[WhiteCountry "POL"]
[BlackCountry "LTU"]
[WhiteElo "2069"]
[WhiteRD "88"]
[BlackElo "1929"]
[BlackRD "65"]
[GameID "135269"]

1. d4 d6 2. Nf3 g6 3. g3 Bg7 4. Bg2 Nf6 5. O-O O-O 6. c4 Nbd7 7. Nc3 c6 8. e4 Qc7 9. Re1 a6 10. h3 b5
11. e5 dxe5 12. dxe5 Ne8 13. e6 Nb6 14. exf7+ Rxf7 15. Bf4 Rxf4 16. gxf4 Nxc4 17. Ne5 Nxe5 18. fxe5 Bxe5 19. Rxe5 Bf5 20. Qe2 e6
21. Rxe6 Ng7 22. Rxc6 Qf4 23. Nd5
1-0

[Event "1800-2200 Blitz"]
[Site "SchemingMind.com"]
[Date "2008.01.01"]
[Round "-"]
[White "Pedro666"]
[Black "esteves101"]
[Result "0-1"]
[WhiteCountry "POL"]
[BlackCountry "PHI"]
[WhiteElo "2005"]
[WhiteRD "76"]
[BlackElo "2147"]
[BlackRD "64"]
[GameID "135270"]

1. d4 Nf6 2. Nf3 e6 3. Bf4 d5 4. e3 Bd6 5. Ne5 O-O 6. Nd2 Nc6 7. h3 Bd7 8. Bd3 a5 9. c3 a4 10. O-O Ne7
11. e4 dxe4 12. Nxe4 Nxe4 13. Bxe4 Bb5 14. Re1 Nd5 15. Bg3 a3 16. Qc2 f5 17. Bxd5 exd5 18. b3 f4 19. Bh2 Ba6 20. Qd2 Qg5
21. Rad1 Rad8 22. c4 dxc4 23. Nxc4 Qg6 24. Nxd6 f3 25. g4 cxd6 26. Bg3 h5 27. gxh5 Qxh5 28. Kh2 Be2 29. Rc1 Rf6 30. Rh1 Re8
31. Qb4 Rh6 32. Kg1 Bd3 33. Rd1 Bf5 34. h4 Re2 35. Qxa3 Rg6 36. Qc1 Rxg3+ 37. fxg3 f2+ 38. Kf1 Rxa2 39. Qc4+ Kh8
0-1